Quizzes
Events
Quiz Creation
Community
Videos
Private Events
Remove Ads
Sign In
Join for FREE
Feedback
Dark Mode
Quiz Categories
Sports
Geography
Music
Movies
Television
Just For Fun
Miscellaneous
History
Literature
Language
Science
Gaming
Entertainment
Religion
Holiday
For Kids
Quiz Lab
Recent
Popular Today
Quiz Kudos Today
Editor Picks
Curator Picks
Quizzes by...
Day
Popularity
Type
Ratings
Length
Year
Community
Subscriptions
Recent Discussions
Orange Saloon
Badges
Playlists
Quests
Create
Leaderboards
Showdown
Live 5
Trivia Bingo
Activity
Puzzle Library
Sporcle Events
Private Events
Virtual Trivia
Globe League
Become a Host
Pub Owners
SporcleCon
Opinionation
Our Games
Videos
Blog
Mobile Apps
Partnerships
Remove Ads and Go Orange
Feedback
Entertainment
Celebrity
Famous
Musical
Broadway
Show
Quote
Comic Books
Anime
Superhero
DC Comics
Marvel
Cartoons
Animation
Entertainment
Celebrity
Famous
Musical
Broadway
Show
Quote
Comic Books
Anime
Superhero
DC Comics
Marvel
Cartoons
Animation
Random Quiz
Search Sporcle
×
Quiz Lab
Quiz Lab
Entertainment
Artist
Type answers based on single images at one time
Type answers based on single images at one time
Slideshow
Best Score? Go Orange.
Grammy Awards 2018 Red Carpet Stats
It's Music's Biggest Night, and everyone's looking fab. Can you name Artist from the Grammy Awards 2018 Red Carpet?
By
renesmi12
6m
40 Questions
317 Plays
317 Plays
317 Plays
Comments
Comments
Give Quiz Kudos
Give Quiz Kudos
-
- Ratings
hide this ad
Replay
Link that replays current quiz
Next Quiz
Link to next quiz in quiz playlist
You Got
0%
They Got
Avg Score
49%
Avg Friend Score
Upgrade to see
Score Distribution
Jump to the score distribution portion of the page
Score
0/40
Timer
06:00
0
Plays Today
% Correct
Pink
93.1%
Miley Cyrus
92.4%
Sam Smith
87.7%
Lady Gaga
80.1%
Zayn Malik
79.5%
James Corden
77.3%
Nick Jonas
76.7%
Camila Cabello
70%
Anna Kendrick
68.1%
DJ Khaled
66.2%
Kesha
65.9%
Cardi B
65.6%
Jaden Smith
64%
Kelly Clarkson
61.2%
Rita Ora
57.1%
Khalid
56.8%
Donald Glover
53.9%
Heidi Klum
53.6%
The Chainsmokers
51.7%
Lana Del Rey
50.8%
% Correct
SZA
48.9%
Janelle Monae
47.3%
Logic
44.8%
Cyndi Lauper
43.8%
Alessia Cara
43.8%
Bebe Rexha
42.3%
Ne-Yo
36%
Katie Holmes
34.7%
Julia Michaels
34.4%
Zedd
34.4%
Luis Fonsi
33.8%
Imagine Dragons
33.4%
Hailee Steinfield
29%
Little Big Town
26.5%
Giuliana Rancic
16.7%
Eve
16.4%
Daddy Yankee
16.1%
Lady Antebellum
9.1%
6LACK
4.4%
Midland
2.5%
Quiz Playlist
Details
Report
Send in Message
Add To Playlist
Slideshow:
Type answers based on single images at one time
Quiz Source
Last Updated: Nov 24, 2019
Quiz Scoreboard
CHALLENGE
Sign Up to Join the Scoreboard
Show All
Scores
Hide
Comments
May contain spoilers
Recently Published
1-10 Letter E Words III
by El_Dandy
Language
2m
One Thing in Common: World Cities II
by knightlancer
Geography
7m
Popular People in 1961
by mucciniale
History
6m
More to Explore
Quiz From the Vault
Featured Blog Post
Where Did the Easter Bunny Come From?
hide this ad
You Might Also Like...
Tags
Artist Quiz
2018
Award
biggest
Everyone
Fab
Grammy
Looking
night
Red
Today's Top Quizzes in Entertainment
Browse Entertainment
hide this ad
Today's Top Quizzes in Artist
Browse Artist
Top Contributed Quizzes in Entertainment
1
Kamen Rider Motifs
2
Dragon Ball Z: Mega Character Search
3
Undead Unluck Minefield
4
Dragon Ball Z: Goku's Fights in Order
5
Survivor Winners Logic Quiz
6
Who Wants to Be a Millionaire: Anime Edition
7
10-to-1 Anime Arc Sorting Gallery
8
Criteria Quickie: Cartoon Taxonomy II
9
Ana Gasteyer or Kathryn Hahn?
10
One Piece 11-1
Explore More
Trending Topics
Crossword
Disney
Anime
Marvel
Harry Potter
Kpop
NBA
NFL
Pokémon
The Office
Song
Puzzle
Country
WWE
Soccer
hide this ad
More By:
renesmi12
Quiz
Plays
Rating
Category
Featured
Created
5 Blitz: Singers (Men)
21,181
4.52
Music
Sep 3, 2020
Missing Word: Taylor Swift Songs Last Words (A-Z)
18,615
4.56
Just For Fun
Mar 17, 2019
5 Blitz: Singers (Women)
16,265
4.35
Music
Aug 4, 2020
Follow That Line: Avengers - Infinity War
9,337
4.38
Movies
May 1, 2018
Follow That Line: Thor - Ragnarok
8,965
4.06
Movies
Nov 20, 2017
Go to Creator's Profile
Score Distribution
Quiz Creator Spotlight
renesmi12
Follow
Send a Message
Quizzes Created
-
Created Quiz Play Count
-
More By This Creator
Popular Quizzes Today
1
Find the US States - No Outlines Minefield
2
The Countries of the World
3
Popular People in 1961
4
Find the Countries of Europe - No Outlines Minefield
5
1-10 Letter E Words III
6
Find the US States
7
One Thing in Common: World Cities II
8
US States
More Entertainment Quizzes
People (Entertainment) 7-to-1
Published
Trending Quizzes
1-10 Letter F Words
One Thing in Common: Music
1-10 Letter G Words
Risky Map Clicking: Next State Alphabetically
1-10 Letter F Words II
Recently Updated
Leaping Animals
pecheneg
Reality TV Shows (A-Z)
bhenderson79
Rickey Henderson's Hall of Fame Teammates
pecheneg
Champions League XIs: Arsenal
pecheneg
Quick Pick: Celebrities in WWE's Hall of Fame
aduchscher
A-Z Keypad Blitz II
pecheneg
Multiple Oscar Actors
pecheneg
Mystery Phrase Blitz: Oscar 'Best Actors'
pecheneg
F. Scott Fitzgerald Novels
LTH
Pick 3 Villains
ddd62291
Trending Topics
Kpop
Harry Potter
Anime
Marvel
Disney
NBA
Crossword
Country
Pokémon
The Office
Puzzle
Soccer
WWE
Song
NFL
Your Account Isn't Verified!
In order to create a playlist on Sporcle, you need to verify the email address you used during registration. Go to your
Sporcle Settings
to finish the process.
Report this User
Report this user for behavior that violates our
Community Guidelines
.
Details:
Send Report
Go to the Sporcle.com Mobile Site →
Comments